Central Library OPAC University of Rajshahi

Journal to Stella / (Record no. 20086)

MARC details
000 -LEADER
fixed length control field 00866nam a22002651 4500
001 - CONTROL NUMBER
control field 20086
003 - CONTROL NUMBER IDENTIFIER
rucl marc code BD-RjUL
005 - DATE AND TIME OF LATEST TRANSACTION
control field 20211209000522.0
008 - FIXED-LENGTH DATA ELEMENTS--GENERAL INFORMATION
fixed length control field 140226s1947 enko b 000 1beng d
035 ## - SYSTEM CONTROL NUMBER
System control number (BD-RjUL)20148
System control number (OCoLC)813101
040 ## - CATALOGING SOURCE
Original cataloging agency Brown Univ. Library
Transcribing agency OKentU
Modifying agency OCoLC
-- TNJ
-- DLC
-- BD-RjUL
Language of cataloging eng
041 ## - LANGUAGE CODE
Language code of text/sound track or separate title eng
082 04 - DEWEY DECIMAL CLASSIFICATION NUMBER
Classification number 821.4
Author mark and year SWJ V-1 1947
100 1# - MAIN ENTRY--PERSONAL NAME
Personal name Swift, Jonathan,
Dates associated with a name 1667-1745.
9 (RLIN) 61845
245 10 - TITLE STATEMENT
Title Journal to Stella /
Statement of responsibility, etc. Jonathan Swift. ed. by Harold Williams.
Number of part/section of a work Volume 1
260 ## - PUBLICATION, DISTRIBUTION, ETC. (IMPRINT)
Place of publication, distribution, etc. Oxford :
Name of publisher, distributor, etc. Clarendon Press,
Date of publication, distribution, etc. 1947.
300 ## - PHYSICAL DESCRIPTION
Pagination lxii, 368 p. ;
Illustrations ill.;
Size 23 cm.
504 ## - BIBLIOGRAPHY, ETC. NOTE
Bibliography, etc Includes bibliographical references.
600 10 - SUBJECT ADDED ENTRY--PERSONAL NAME
Personal name Johnson, Esther,
Dates associated with a name 1681-1728.
700 1# - ADDED ENTRY--PERSONAL NAME
Personal name Williams, Harold Herbert,
Dates associated with a name 1880-1964,
Relator term ed.
942 ## - ADDED ENTRY ELEMENTS (KOHA)
Source of classification or shelving scheme Dewey Decimal Classification
Koha item type Books
Holdings
Lost status Source of classification or shelving scheme Damaged status Not for loan Collection code Permanent Location Current Location Shelving location Date acquired Source of acquisition Cost, normal purchase price Total Checkouts Full call number Date last seen Copy number Koha item type
  Dewey Decimal Classification   Not For Loan Fiction Central Library, University of Rajshahi Central Library, University of Rajshahi Reading Room 16/02/1963 Zeitlinger 30.00   821.4 SWJ V-1 1947 26/02/2014 C-1 Books
  Dewey Decimal Classification     Non-fiction Central Library, University of Rajshahi Central Library, University of Rajshahi   06/08/1955 O.U.P. 25.00   821.4 SWJ V-1 1947 09/03/2014 C-1 Books
  Dewey Decimal Classification   Not For Loan Non-fiction Central Library, University of Rajshahi Central Library, University of Rajshahi Reading Room 16/02/1963 Zeitlinger 30.00   821.4 SWJ V-2 1947 28/06/2025 C-1 Books
  Dewey Decimal Classification     Non-fiction Central Library, University of Rajshahi Central Library, University of Rajshahi General Stacks 06/08/1955 O.U.P. 25.00   821.4 SWJ V-2 1947 28/06/2025 C-2 Books